<?xml version="1.0" encoding="UTF-8"?>
<record
    xmlns:xsi="http://www.w3.org/2001/XMLSchema-instance"
    xsi:schemaLocation="http://www.loc.gov/MARC21/slim http://www.loc.gov/standards/marcxml/schema/MARC21slim.xsd"
    xmlns="http://www.loc.gov/MARC21/slim">

  <leader>01027nab a2200289 uc4500</leader>
  <controlfield tag="001">726735</controlfield>
  <controlfield tag="005">20240821091654.0</controlfield>
  <controlfield tag="008">020318s2001                        spa  </controlfield>
  <datafield tag="035" ind1=" " ind2=" ">
    <subfield code="a">726735</subfield>
  </datafield>
  <datafield tag="035" ind1=" " ind2=" ">
    <subfield code="a">(OCoLC)819937236</subfield>
  </datafield>
  <datafield tag="040" ind1=" " ind2=" ">
    <subfield code="c">comduadb</subfield>
  </datafield>
  <datafield tag="041" ind1=" " ind2=" ">
    <subfield code="a">spa</subfield>
  </datafield>
  <datafield tag="100" ind1="1" ind2="0">
    <subfield code="a">Neira, Hern&#xE1;n</subfield>
    <subfield code="4">aut</subfield>
    <subfield code="e">aut</subfield>
    <subfield code="9">297205</subfield>
  </datafield>
  <datafield tag="245" ind1="1" ind2="3">
    <subfield code="a">El idiota extranjero y la lengua</subfield>
  </datafield>
  <datafield tag="600" ind1="1" ind2="4">
    <subfield code="a">Flaubert, Gustave,</subfield>
    <subfield code="d">1821-1880</subfield>
    <subfield code="9">855279</subfield>
  </datafield>
  <datafield tag="650" ind1=" " ind2="7">
    <subfield code="a">Antropolog&#xED;a filos&#xF3;fica</subfield>
    <subfield code="2">lemb</subfield>
    <subfield code="9">43535</subfield>
  </datafield>
  <datafield tag="650" ind1=" " ind2="0">
    <subfield code="a">Etimolog&#xED;a</subfield>
    <subfield code="9">34819</subfield>
  </datafield>
  <datafield tag="650" ind1=" " ind2="7">
    <subfield code="a">Individualidad</subfield>
    <subfield code="2">lemb</subfield>
    <subfield code="9">2093</subfield>
  </datafield>
  <datafield tag="650" ind1=" " ind2=" ">
    <subfield code="a">Especie (Filosofia)</subfield>
    <subfield code="9">26894</subfield>
  </datafield>
  <datafield tag="650" ind1=" " ind2=" ">
    <subfield code="a">Idiotez</subfield>
    <subfield code="9">88254</subfield>
  </datafield>
  <datafield tag="650" ind1=" " ind2=" ">
    <subfield code="a">Flaubert, Gustave, 1821-1880. Madame Bovary</subfield>
    <subfield code="9">64411</subfield>
  </datafield>
  <datafield tag="650" ind1=" " ind2=" ">
    <subfield code="a">Sartre, Jean-Paul, 1905-1980. El idiota de la familia</subfield>
    <subfield code="9">88255</subfield>
  </datafield>
  <datafield tag="650" ind1=" " ind2="7">
    <subfield code="a">Individuo</subfield>
    <subfield code="2"></subfield>
    <subfield code="9">84282</subfield>
  </datafield>
  <datafield tag="650" ind1=" " ind2="7">
    <subfield code="a">Otro (Filosof&#xED;a)</subfield>
    <subfield code="2">embne</subfield>
    <subfield code="9">116259</subfield>
  </datafield>
  <datafield tag="773" ind1="0" ind2=" ">
    <subfield code="t">Revista de Filosof&#xED;a de la Universidad de Costa Rica (San Jos&#xE9;)</subfield>
    <subfield code="g">Volumen 39, N&#xFA;mero 097, Enero-Junio 2001, p. 97-107</subfield>
    <subfield code="w">9611</subfield>
    <subfield code="x">0034-8252</subfield>
    <subfield code="0">3925</subfield>
  </datafield>
  <datafield tag="942" ind1=" " ind2=" ">
    <subfield code="c">ARIMP</subfield>
  </datafield>
  <datafield tag="999" ind1=" " ind2=" ">
    <subfield code="c">237841</subfield>
    <subfield code="d">237841</subfield>
  </datafield>
</record>
